000 00701nam a2200241Ia 4500
003 IIN
005 20250430122508.0
008 231217s2023 xx adc 001 0 eng d
020 _cRs.2199.00
_a9789389335996
040 _aIIN
_bEnglish
082 _a610.730692
_bNET
100 1 _aNettina,Sandra M.
245 1 _aLippincott Manual of Nursing Practice/
_cSandra M. Nettina; edited by Suresh K. Sharma
250 _aSAE
260 _bWolters Kluwer
_aNew Delhi
_c2020
300 _axi, 1583p.
500 _aIncludes Index
650 1 _aFoundation
_vManual
650 1 _aFundamental
_vNursing Procedure
650 1 _aManual Nursing Practice
700 1 _aSharma, Suresh K. (ed.)
942 _cBOOK
999 _c1555
_d1555